| 000 | 00820nam a2200253Ia 4500 | ||
|---|---|---|---|
| 003 | OSt | ||
| 005 | 20220918165739.0 | ||
| 006 | a|||||r|||| 00| 0 | ||
| 007 | ta | ||
| 008 | 220917b |||||||| |||| 00| 0 eng d | ||
| 020 |
_a8170998166 (hbk) _c295 |
||
| 024 | _a260,570 | ||
| 037 |
_b2/6/91/WFI, 02/03/2012, Writiers' Forum,Imphal _cTextual |
||
| 040 |
_aARTS _cARTS _beng |
||
| 041 |
_2eng _aeng |
||
| 082 | _aY7446112:5, P4 | ||
| 100 |
_aMaheo Lorho Mary _925347 |
||
| 245 | 0 |
_aMao naga tribe of Manipur _b A demographic anthropological study |
|
| 260 |
_aNew Delhi _bMittal Publications India _c2004 |
||
| 300 |
_axiv, 142p. _ccm. |
||
| 650 | _aSOCIOLOGY | ||
| 942 |
_hY7446112:5, P4 _cTEXL _2CC |
||
| 999 |
_c130911 _d130911 |
||